Совместное использование "Arduino" и "LabVIEW"; Космическое приборостроение

Bibliografiset tiedot
Parent link:Космическое приборостроение.— 2014.— [С. 93-94]
Päätekijä: Исайченко В. И. Вадим Игоревич
Yhteisötekijä: Национальный исследовательский Томский политехнический университет
Muut tekijät: Татарников Е. В. (научный руководитель), Потехин М. Е., Бориков В. Н. Валерий Николаевич
Yhteenveto:Заглавие с титульного экрана
Kieli:venäjä
Julkaistu: 2014
Sarja:Системы управления космическими аппаратами
Aiheet:
Linkit:http://www.lib.tpu.ru/fulltext/c/2014/C22/020.pdf
Aineistotyyppi: Elektroninen Kirjan osa
KOHA link:https://koha.lib.tpu.ru/cgi-bin/koha/opac-detail.pl?biblionumber=605693

MARC

LEADER 00000naa2a2200000 4500
001 605693
005 20251128131620.0
035 |a (RuTPU)RU\TPU\conf\3005 
035 |a RU\TPU\conf\3003 
090 |a 605693 
100 |a 20140425d2014 k y0rusy50 ca 
101 0 |a rus 
102 |a RU 
105 |a y z 101zy 
135 |a drcn ---uucaa 
181 0 |a i  
182 0 |a b 
200 1 |a Совместное использование "Arduino" и "LabVIEW"  |f В. И. Исайченко, Е. В. Татарников, М. Е. Потехин  |g науч. рук. В. Н. Бориков 
203 |a Текст  |c электронный 
225 1 |a Системы управления космическими аппаратами 
300 |a Заглавие с титульного экрана 
320 |a [Библиогр.: с. 94 (2 назв.)] 
337 |a Adobe Reader 
463 0 |0 (RuTPU)RU\TPU\conf\2833  |t Космическое приборостроение  |o сборник научных трудов II Всероссийского форума школьников, студентов, аспирантов и молодых ученых с международным участием, г. Томск, 10-12 апреля 2014 г.  |f Национальный исследовательский Томский политехнический университет (ТПУ)  |v [С. 93-94]  |d 2014 
610 1 |a труды учёных ТПУ 
610 1 |a электронный ресурс 
610 1 |a Arduino 
610 1 |a LabVIEW 
610 1 |a компьютерные программы 
700 1 |a Исайченко  |b В. И.  |c специалист в области неразрушающего контроля  |c лаборант Томского политехнического университета  |f 1994-  |g Вадим Игоревич  |3 (RuTPU)RU\TPU\pers\32269 
701 1 |a Татарников  |b Е. В. 
701 1 |a Потехин  |b М. Е. 
702 1 |a Бориков  |b В. Н.  |c специалист в области машиностроения  |c доцент Томского политехнического университета, кандидат технических наук  |f 1963-  |g Валерий Николаевич  |4 727 
712 0 2 |a Национальный исследовательский Томский политехнический университет  |c (2009- )  |9 26305 
801 2 |a RU  |b 63413507  |c 20140425  |g RCR 
856 4 |u http://www.lib.tpu.ru/fulltext/c/2014/C22/020.pdf 
942 |c BK